La eficacia de la mediación como sistema alterna de solución de conflictos en materia de familia Colonia Zacamil municipio de Mejicanos departamento de San Salvador, 24 de julio 2021 a 12 de febrero de 2022 (Registro nro. 12334)

Detalles MARC
000 -LEADER
fixed length control field 00756nam a2200181Ia 4500
005 - FECHA Y HORA DE LA ÚLTIMA TRANSACCIÓN
control field 20240809162230.0
008 - FIXED-LENGTH DATA ELEMENTS--GENERAL INFORMATION
fixed length control field 240808s9999 xx 000 0 und d
040 ## - CATALOGING SOURCE
Original cataloging agency UPAN
Transcribing agency Biblioteca San Vicente
Description conventions RCAA2
041 ## - LANGUAGE CODE
Language code of text/sound track or separate title spa
082 ## - DEWEY DECIMAL CLASSIFICATION NUMBER
Classification number 303.69
Item number Her
año de publicación 2022
100 ## - MAIN ENTRY--PERSONAL NAME
Personal name Hernández Mejía, José Ernesto
Relator code aut.
245 #0 - TITLE STATEMENT
Title La eficacia de la mediación como sistema alterna de solución de conflictos en materia de familia Colonia Zacamil municipio de Mejicanos departamento de San Salvador, 24 de julio 2021 a 12 de febrero de 2022
260 ## - PUBLICATION, DISTRIBUTION, ETC. (IMPRINT)
Place of publication, distribution, etc San Salvador:
Name of publisher, distributor, etc Universidad Panamericana,
Date of publication, distribution, etc 2022
300 ## - PHYSICAL DESCRIPTION
Extent 108 p.;
Dimensions 28 cm.
650 ## - SUBJECT ADDED ENTRY--TOPICAL TERM
Source of heading or term LEMB
Topical term or geographic name as entry element Sistemas alternos
General subdivision Materia de familia
700 ## - ADDED ENTRY--PERSONAL NAME
Personal name Carrillo Andrés, José Antonio
Relator code aut.
942 ## - ADDED ENTRY ELEMENTS (KOHA)
Koha item type Libros
Source of classification or shelving scheme Dewey Decimal Classification
Existencias
Withdrawn status Lost status Source of classification or shelving scheme Damaged status Not for loan Collection code Home library Current library Date acquired Total Checkouts Full call number Barcode Date last seen Copy number Price effective from Koha item type
    Dewey Decimal Classification     Tesario Biblioteca UPAN San Vicente Biblioteca UPAN San Vicente 08/08/2024   303.69 Her 12102143 08/08/2024 01 08/08/2024 Trabajos de Grado